| 000 -LEADER |
| fixed length control field |
00550nam a22001937a 4500 |
| 003 - CONTROL NUMBER IDENTIFIER |
| control field |
OSt |
| 005 - DATE AND TIME OF LATEST TRANSACTION |
| control field |
20180503103308.0 |
| 008 - FIXED-LENGTH DATA ELEMENTS--GENERAL INFORMATION |
| fixed length control field |
180309b xxu||||| |||| 00| 0 spa d |
| 020 ## - INTERNATIONAL STANDARD BOOK NUMBER |
| International Standard Book Number |
8420695351 |
| 040 ## - CATALOGING SOURCE |
| Transcribing agency |
PJ |
| 100 ## - ASIENTO PRINCIPAL - NOMBRE DE PERSONA |
| Personal name |
García-Pelayo, Manuel |
| 9 (RLIN) |
387 |
| 245 13 - MENCIÓN DE TÍTULO |
| Título propiamente dicho |
El estado de partidos / |
| Mención de responsabilidad, etc |
Manuel García Pelayo. |
| 260 ## - PUBLICATION, DISTRIBUTION, ETC. (IMPRINT) |
| Place of publication, distribution, etc |
Madrid : |
| Name of publisher, distributor, etc |
Alianza, |
| Date of publication, distribution, etc |
1986. |
| 300 ## - DESCRIPCION FISICA |
| Extent |
217 p. |
| Other physical details |
20 cm. |
| 500 ## - NOTA GENERAL |
| General note |
Citas y notas bibliográficas al pie de páginas.<br/> |
| 650 #0 - ASIENTO SECUNDARIO DE MATERIA - TERMINO TEMATICO |
| 9 (RLIN) |
348 |
| Topical term or geographic name as entry element |
CIENCIAS POLITICAS |
| 650 #0 - ASIENTO SECUNDARIO DE MATERIA - TERMINO TEMATICO |
| 9 (RLIN) |
452 |
| Topical term or geographic name as entry element |
PARTIDOS POLITICOS |
| 942 ## - ADDED ENTRY ELEMENTS (KOHA) |
| Source of classification or shelving scheme |
|
| Koha item type |
Libros |